Tree growth, mortality, recruitment, and canopy gap formation during a 10-year period in a tropical moist forest (Registro nro. 9636)

Detalles MARC
000 -CABECERA
Campo de control 005490000a22001690004500
090 ## - CLASIFICACIÓN LOCAL
Colección AR
Consecutivo 00541
041 0# - IDIOMA
Código de idioma para texto/pista de sonido o título separado
100 1# - ASIENTO PRINCIPAL--NOMBRE PERSONAL
Nombre personal Lang, Gerald E.
245 10 - MENCION DE TITULO
Título Tree growth, mortality, recruitment, and canopy gap formation during a 10-year period in a tropical moist forest
650 14 - ASIENTO SECUNDARIO DE MATERIA - TERMINO TEMATICO
Término temático o nombre geográfico como elemento de entrada Bosques tropicales
650 14 - ASIENTO SECUNDARIO DE MATERIA - TERMINO TEMATICO
Término temático o nombre geográfico como elemento de entrada Bosques sucesionales
650 14 - ASIENTO SECUNDARIO DE MATERIA - TERMINO TEMATICO
Término temático o nombre geográfico como elemento de entrada Demografía vegetal
651 #4 - ASIENTO SECUNDARIO DE MATERIA - NOMBRE GEOGRAFICO
-- Panamá
700 1# - ASIENTO SECUNDARIO - NOMBRE PERSONAL
Nombre personal Knight, Dennis H.
773 1# - Item fuente:
Título Ecology
Especificación de materiales 57
Descripción física 5
Paginas del Articulo 1075-1080
Lugar, editorial y fecha de publicación 1983
Información sobre la relación 64
942 ## - ELEMENTOS ADICIONALES (KOHA)
Tipo de ítem Artículo
Existencias
Withdrawn status Lost status Damaged status No para préstamo Colección Ubicación Permanente Ubicación actual Fecha de adquisición Datos de publicación Seriada Total Checkouts Número topográfico Inventario / Código de Barras Date last seen Ejemplar Price effective from Forma de adquisición Tipo de material
      No para Préstamo Hemeroteca Bogotá Bogotá 27/02/2015 Fuera de circulación   AR 00541 013858 25/03/2015 1 25/03/2015   Artículo